000 01479cam a2200289 a 4500
001 15162513
005 20210414113913.0
008 080131s2007 gh a b 000 0 eng
010 _a 2008349025
020 _a9789988647612
040 _aDLC
_cDLC
042 _alcode
043 _af-gh---
050 0 0 _aHB3666.8.A3P673
245 0 0 _aPopulation, health and development in Ghana :
_battaining the millenium [sic] development goals /
_cedited by Chuks J. Mba and Stephen O. Kwankye.
260 _aAccra :
_bSub-Saharan Publishers,
_c2007.
300 _axvi, 188 p.
_bill.
_c24 cm.
504 _aIncludes bibliographical references.
505 _aContents: Introduction -- Fertility decline in Ghana: Implications for public policy -- Infant and child health: Evidence from 2003 Ghana demographic and health survey -- Adolescent sexuality and reproductive health in Ghana: Some results from a survey of Cape Coast and Mankrong -- Population growth, water/sanitation and health -- HIV/AIDS and survival challenges in sub-saharan African: An illustration with Ghana and South Africa -- Women's employment and health in Ghana -- Population and health in Ghana -- Conclusion.
651 0 _aGhana
_xPopulation.
651 0 _aGhana
_xEconomic conditions
_y1979-
700 1 _aMba, Chuks J.
700 1 _aKwankye, Stephen O.
906 _a7
_bcbc
_corigode
_d3
_encip
_f20
_gy-gencatlg
942 _2lcc
_cBK
999 _c528
_d8028